[Event "Mislata op 54th"]
[Site "Mislata"]
[Date "2021.08.17"]
[Round "2"]
[White "Gil Provedo, Victor"]
[Black "Valdepenas Octavio, Javier"]
[Result "0-1"]
[WhiteElo "1817"]
[BlackElo "2112"]
[PlyCount "84"]
[EventDate "2021.08.16"]
[EventType "swiss"]
[EventRounds "9"]
[EventCountry "ESP"]
[SourceTitle "CBM 203 Extra"]
[Source "ChessBase"]
[SourceDate "2021.09.30"]
[SourceVersion "1"]
[SourceVersionDate "2021.09.30"]
[SourceQuality "1"]

1. e4 c5 2. c3 d5 3. exd5 Qxd5 4. Na3 Nc6 5. Nf3 Nf6 6. Bc4 Qd8 7. h3 e6 8. 0-0 Be7 9. Nc2 0-0 10. d4 a6 11. a4 Qc7 12. Qe2 b6 13. Re1 Bb7 14. dxc5 bxc5 15. Bg5 h6 16. Bh4 Nh5 17. Bxe7 Nf4 18. Qf1 Nxe7 19. Be2 Neg6 20. g3 Nxe2+ 21. Qxe2 Qc6 22. Kg2 Ne5 23. Qxe5 Qxf3+ 24. Kf1 Rad8 25. Qe3 Qg2+ 26. Ke2 Bf3+ 27. Qxf3 Rd2+ 28. Kxd2 Qxf3 29. Rf1 Rd8+ 30. Kc1 Qe2 31. Ne3 Rd3 32. Rd1 c4 33. Rb1 Qxf2 34. Nxc4 Rxd1+ 35. Kxd1 Qf1+ 36. Kc2 Qxc4 37. b3 Qe2+ 38. Kc1 Qd3 39. c4 e5 40. Kb2 e4 41. Rc1 e3 42. Rc3 Qd4 0-1

[Event "Torredembarra op 21st"]
[Site "Torredembarra"]
[Date "2019.07.13"]
[Round "8"]
[White "Gil Provedo, Victor"]
[Black "Sirera Bargallo, Tomas"]
[Result "0-1"]
[WhiteElo "1676"]
[BlackElo "2115"]
[PlyCount "106"]
[EventDate "2019.07.06"]
[EventType "swiss"]
[EventRounds "9"]
[EventCountry "ESP"]
[SourceTitle "CBM 191 Extra"]
[Source "ChessBase"]
[SourceDate "2019.09.30"]
[SourceVersion "1"]
[SourceVersionDate "2019.09.30"]
[SourceQuality "1"]

1. e4 d6 2. d4 Nf6 3. Nc3 Nbd7 4. Nf3 e5 5. Bc4 h6 6. 0-0 Be7 7. Qe2 c6 8. Rd1 Qc7 9. a4 0-0 10. a5 Re8 11. h3 Nf8 12. dxe5 dxe5 13. Be3 Be6 14. a6 b5 15. Bd3 N8d7 16. Nd2 Nc5 17. Rf1 Bd6 18. Rad1 Rad8 19. Nf3 Bc8 20. Nh4 Nxa6 21. Nxb5 cxb5 22. Bxb5 Nb4 23. Bxe8 Rxe8 24. c3 Na6 25. Bxa7 Bc5 26. Bxc5 Nxc5 27. f3 Ba6 28. c4 Nb3 29. Nf5 Qxc4 30. Qxc4 Bxc4 31. Rf2 Be6 32. Ne3 Nd4 33. b4 Rb8 34. Rb2 Nh5 35. Nd5 Bxd5 36. exd5 Nf4 37. d6 Kf8 38. Kf2 Ke8 39. h4 Kd7 40. g3 Nd5 41. f4 f6 42. fxe5 fxe5 43. Ra1 Kxd6 44. Ra6+ Rb6 45. Ra7 Nxb4 46. Rd2 Kd5 47. Rxg7 Rf6+ 48. Kg2 Ke4 49. Rg4+ Ke3 50. Rb2 Nd3 51. Rb1 Rf2+ 52. Kh3 Nf3 53. Rh1 Rb2 0-1

[Event "ESP-chT Regional U14"]
[Site "Padron"]
[Date "2016.06.26"]
[Round "6.61"]
[White "Noblejas Carreto, Victor"]
[Black "Gil Provedo, Victor"]
[Result "1-0"]
[WhiteElo "1433"]
[BlackElo "1531"]
[PlyCount "49"]
[EventDate "2016.06.23"]
[EventType "team-swiss"]
[EventRounds "6"]
[EventCountry "ESP"]
[SourceTitle "EXT 2017"]
[Source "ChessBase"]
[SourceDate "2016.10.25"]
[SourceVersion "1"]
[SourceVersionDate "2016.10.25"]
[SourceQuality "1"]
[WhiteTeam "Castilla La Mancha"]
[BlackTeam "La Rioja"]
[WhiteTeamCountry "ESP"]
[BlackTeamCountry "ESP"]

1. e4 c5 2. Nf3 Nc6 3. d4 cxd4 4. Nxd4 g6 5. Nc3 Bg7 6. Be3 Nf6 7. Be2 0-0 8. 0-0 d6 9. Nb3 Bd7 10. f4 Rc8 11. Kh1 Ne8 12. Qd2 e6 13. f5 exf5 14. Bh6 Bxh6 15. Qxh6 Ng7 16. Rad1 Ne8 17. Rd3 fxe4 18. Nxe4 Ne5 19. Ng5 Qxg5 20. Qxg5 Nxd3 21. Bxd3 Be6 22. Kg1 Ng7 23. Nd4 Bd7 24. Qe7 Rcd8 25. Rxf7 1-0

[Event "Zaragoza Otono op 1st"]
[Site "Zaragoza"]
[Date "2013.10.27"]
[Round "1"]
[White "Urgel Varela, Fernando"]
[Black "Gil Provedo, Victor"]
[Result "1-0"]
[WhiteElo "1829"]
[BlackElo "1500"]
[PlyCount "65"]
[EventDate "2013.10.27"]
[EventType "swiss"]
[EventRounds "6"]
[EventCountry "ESP"]
[SourceTitle "EXT 2015"]
[Source "ChessBase"]
[SourceDate "2014.11.20"]
[SourceVersion "1"]
[SourceVersionDate "2014.11.20"]
[SourceQuality "1"]

1. e4 e5 2. Bc4 Nc6 3. Nc3 Bc5 4. d3 Nf6 5. Bg5 d6 6. Qd2 h6 7. Bh4 g5 8. Bg3 Qe7 9. 0-0-0 Bg4 10. f3 Be6 11. Bb5 Bd7 12. Nge2 0-0-0 13. h3 Nd4 14. Bxd7+ Qxd7 15. Nxd4 exd4 16. Ne2 Qa4 17. a3 Rhe8 18. c3 Re6 19. Bf2 dxc3 20. Nxc3 Qc6 21. d4 Bxd4 22. Qxd4 b6 23. Kb1 Re5 24. Rc1 Nd7 25. Nd5 Nc5 26. Qxe5 dxe5 27. Ne7+ Kb7 28. Nxc6 Kxc6 29. b4 Rd2 30. Rhf1 Rd3 31. bxc5 Rxa3 32. cxb6+ Kb7 33. bxc7 1-0